000
00307nam a22001337a 4500
008
181011b xxu||||| |||| 00| 0 eng d
020
_a
9780071591249
041
_a
eng
080
_a
610
100
_a
4
101
_a
SHM
245
_a
Current Medical Diagnosis & Treatment
_c
McPhee, S.J
942
_2
udc
_c
BK
999
_c
49451
_d
49451